Perencanaan dan manajeman pendidikan

Bibliographic Details
Main Author: Hamalik, Oemar , 1936- (Author)
Format: Book
Published: Bandung : Mandar Maju , 1991
Subjects:

MARC

LEADER 00000cam a2200000 7i4500
001 0000003154
005 20170301093000.0
008 021118n
020 |a 9795380028 
090 0 0 |a LB2805   |b .H35 
100 0 |a Hamalik, Oemar ,   |d 1936- ,   |e author 
245 0 0 |a Perencanaan dan manajeman pendidikan   |c Oemar Hamalik 
260 2 |a Bandung :   |b Mandar Maju ,   |c 1991 
300 |a viii, 200 p. ; ;   |c 21 cm. 
504 |a Includes bibliographical references (p. 199-200) 
650 0 |a Educational planning 
650 0 |a Education   |x Management 
999 |a 1000029190   |b Book   |c OPEN SHELF (30 DAYS)   |e Gong Badak Campus